| 000 | 00868nam a2200265Ia 4500 | ||
|---|---|---|---|
| 003 | OSt | ||
| 005 | 20221005075337.0 | ||
| 006 | a|||||r|||| 00| 0 | ||
| 007 | ta | ||
| 008 | 221004b |||||||| |||| 00| 0 eng d | ||
| 020 |
_a9788121512022 (hbk) _c2990 |
||
| 024 | _a115603 | ||
| 037 |
_b250, 23/03/2012, University Book House _cTextual |
||
| 040 |
_aCRL _cCRL _beng |
||
| 041 |
_2eng _aeng |
||
| 082 | _aV2:71, P9 | ||
| 100 |
_aSengupta Gautam Ed. _9454035 |
||
| 245 | 0 |
_aArchaeology in India _b Individuals, ideas and institutions |
|
| 260 |
_aNew Delhi _bMunshiram Manoharlal India _c2009 |
||
| 300 |
_axix,396p. _ccm. |
||
| 650 | _aHISTORY | ||
| 700 |
_a Gangopadhyay Kaushik Ed. _9466223 |
||
| 942 |
_hV2:71, P9 _cTEXL _2cc |
||
| 999 |
_c984394 _d984394 |
||